Využitie CA technológií pre vybraný tvarovo-zložitý výrobok
Saved in:
| Main Author: | |
|---|---|
| Other Authors: | |
| Format: | Manuscript Book |
| Language: | Slovak |
| Published: |
2020
|
| Subjects: | |
| Online Access: | http://is.stuba.sk/zp/portal_zp.pl?podrobnosti=151239 |
| Tags: |
No Tags, Be the first to tag this record!
|
MARC
| LEADER | 00000ntm a22000003a 4500 | ||
|---|---|---|---|
| 001 | stuzp78353 | ||
| 003 | SK-STU | ||
| 005 | 20200704211955.7 | ||
| 007 | ta | ||
| 008 | 150427s2015----xo-----f-mn---000-0-slo-d | ||
| 040 | |a STU |b slo | ||
| 041 | 0 | |a slo | |
| 100 | 1 | |a Líška, Jakub |u 063000 |k Z4 |4 aut |U MTF Materiálovotechnologická fakulta |T MTF Ústav výrobných technológií |X 65507 |U M3000 |Y 83 |7 65507 | |
| 242 | 0 | 1 | |a Utilization of CA technologies for selected shape-complex product |y eng |
| 245 | 1 | 0 | |a Využitie CA technológií pre vybraný tvarovo-zložitý výrobok |
| 260 | |c 2020 | ||
| 650 | 4 | |a CA technológie |2 slo | |
| 650 | 4 | |a 3D modelovanie |2 slo | |
| 650 | 4 | |a Technológia výroby |2 slo | |
| 650 | 4 | |a CA technology |2 eng | |
| 650 | 4 | |a 3D modeling |2 eng | |
| 650 | 4 | |a Production technology |2 eng | |
| 700 | 1 | |a Pokorný, Peter |u 063200 |k Z1 |4 ths |U MTF Ústav výrobných technológií |T MTF Katedra obrábania a počítačovej podpory technológií |X 2771 |U M3200 |Y 164 |7 A000002771 | |
| 856 | 4 | |u http://is.stuba.sk/zp/portal_zp.pl?podrobnosti=151239 | |
| 996 | |c M* DP-14317 |l MMSKP |s P |a 0 |w stuzp78353_0001 | ||